000
00321nam a2200145Ia 4500
100
_a
Glass/Lillian
650
_a
General
942
_c
BK
654
_a
i know what you are thinking
245
_a
I Know what you are thinking
260
_b
John Wiley & Sons
_c
2002
300
_a
258
546
_a
ENGLISH
999
_c
30089
_d
30089